000 00713nam a2200289Ia 4500
005 20260324123739.0
008 008 260324s9999 xx 000 0 eng d
020 _a9780429131264
037 _aEBOOK
040 _aCRL
040 _beng
040 _cCRL
041 _2eng
041 _aeng
084 _qCRL
100 _aSiau-Cheng Khoo; Jiawei Han; Chao Liu; David Lo
_91171494
245 0 _aMining Software Specifications
245 0 _bMethodologies and Applications
260 _bTaylor and Francis
260 _c2011
365 _a
365 _b420
856 _uhttp://www.taylorfrancis.com/books/9780429131264
942 _cEBOOK
999 _c1765273
_d1765273